名前に上下左右が含まれる現役選手(2026) - Statistics

General Stats
  • This quiz has been taken 19 times
  • The average score is 21 of 44
Answer Stats
方向 球団 ポジション 選手名 % Correct
西武 投手 上田大河
95%
ロッテ 内野手 上田希由翔
95%
中日 外野手 上林誠知
79%
日本ハム 投手 上原健太
79%
オリックス 投手 上原堆我
79%
阪神 投手 下村海翔
74%
阪神 外野手 前川右京
74%
ソフトバンク 投手 上沢直之
68%
ヤクルト 投手 下川隼輔
63%
ソフトバンク 内野手 山下恭吾
63%
オリックス 投手 山下舜平大
63%
ソフトバンク 投手 上茶谷大河
53%
阪神 投手 木下里都
53%
阪神 外野手 森下翔太
53%
DeNA 投手 森下瑠大
53%
巨人 投手 木下幹也
53%
中日 捕手 木下拓哉
53%
広島 投手 森下暢仁
53%
ヤクルト 内野手 松下歩叶
53%
ソフトバンク 外野手 木下勇人
53%
中日 内野手 川上理偉
47%
日本ハム 内野手 上川畑大悟
47%
DeNA 捕手 益子京右
47%
DeNA 内野手 石上泰輝
42%
巨人 内野手 田上優弥
42%
ソフトバンク 投手 田上奏大
42%
西武 投手 川下将勲
42%
阪神 投手 村上頌樹
37%
ソフトバンク 投手 村上泰斗
37%
オリックス 捕手 村上喬一朗
37%
DeNA 外野手 井上絢登
32%
巨人 投手 井上温大
32%
中日 投手 井上剣也
32%
ソフトバンク 内野手 井上朋也
32%
オリックス 捕手 野上士耀
32%
ロッテ 外野手 井上広大
32%
DeNA 内野手 宮下朝陽
32%
巨人 内野手 竹下徠空
32%
広島 投手 竹下海斗
32%
楽天 捕手 水上桂
26%
楽天 外野手 阪上翔也
26%
DeNA 捕手 上甲凌大
21%
中日 外野手 三上愛介
21%
西武 投手 上間永遠
16%
No matching quizzes found
Score Distribution
Percent of People with Each Score
Percentile by Number Answered
Your Score History
You have not taken this quiz